Evolution II. Ed 1. (Record no. 102150)
[ view plain ]
| 000 -LEADER | |
|---|---|
| fixed length control field | 00401nam a2200157Ia 4500 |
| 008 - FIXED-LENGTH DATA ELEMENTS--GENERAL INFORMATION | |
| fixed length control field | 210210b1999 xxu||||| |||| 00| 0 eng d |
| 020 ## - INTERNATIONAL STANDARD BOOK NUMBER | |
| International Standard Book Number | 81 85137 00 5 |
| 082 ## - DEWEY DECIMAL CLASSIFICATION NUMBER | |
| Classification number | 181.4 SATE |
| 100 ## - MAIN ENTRY--PERSONAL NAME | |
| Personal name | SATPREM. |
| 245 ## - TITLE STATEMENT | |
| Title | Evolution II. Ed 1. |
| 250 ## - EDITION STATEMENT | |
| Edition statement | |
| 260 ## - PUBLICATION, DISTRIBUTION, ETC. | |
| Place of publication, distribution, etc. | Mysore. |
| Name of publisher, distributor, etc. | Institut De Recherches Evolutives & Mira Aditi., |
| Date of publication, distribution, etc. | 1999 |
| 300 ## - PHYSICAL DESCRIPTION | |
| Extent | 126 |
| 690 ## - LOCAL SUBJECT ADDED ENTRY--TOPICAL TERM (OCLC, RLIN) | |
| Topical term or geographic name as entry element | Indian Philosophy |
| 906 ## - LOCAL DATA ELEMENT F, LDF (RLIN) | |
| a | 054803 |
| Withdrawn status | Lost status | Damaged status | Not for loan | Collection code | Home library | Current library | Shelving location | Date acquired | Cost, normal purchase price | Total Checkouts | Full call number | Barcode | Date last seen | Price effective from | Koha item type |
|---|---|---|---|---|---|---|---|---|---|---|---|---|---|---|---|
| St Aloysius Library | St Aloysius Library | 02/17/2021 | 100.00 | 181.4 SATE | 054803 | 02/17/2021 | 02/17/2021 | Book |